Marvel Characters by Birthplace - Statistics

General Stats
  • This quiz has been taken 14 times
  • The average score is 9 of 30
Answer Stats
Hint Answer % Correct
Thor Asgard
91%
Black Panther Birnin Zana, Wakanda
91%
Captain America Brooklyn, New York
73%
Loki Asgard
64%
Scarlet Witch Novi Grad, Sokovia
64%
Okoye Birnin Zana, Wakanda
55%
Wolverine Cold Lake, Canada
45%
Shang-Chi Hunan Province, China
45%
Wong Kamar-Taj, Tibet
45%
Iron Man Manhattan, New York
45%
Spider-Man Queens, New York
45%
Vision Manhattan, New York
27%
Red Guardian Nizhny Novgorod, Russia
27%
Venom San Francisco, California
27%
Star Lord St. Charles, Missouri
27%
Black Widow Volgograd, Russia
27%
Magneto Nuremberg, Germany
18%
Deadpool Vancouver, Canada
18%
Hawkeye Waverly, Iowa
18%
Captain Marvel Boston, Massachusetts
9%
Mr. Fantastic Central City, California
9%
Professor X Westchester, New York
9%
Ant-Man Coral Gables, Florida
0%
U.S. Agent Custer's Grove, Georgia
0%
Hulk Dayton, Ohio
0%
The Falcon Manhattan, New York
0%
Doctor Strange Philadelphia, Pennsylvania
0%
War Machine Philadelphia, Pennsylvania
0%
The Wasp San Francisco, California
0%
Winter Soldier Shelbyville, Indiana
0%
No matching quizzes found
Score Distribution
Percent of People with Each Score
Percentile by Number Answered
Your Score History
You have not taken this quiz